01832nam a2200253 a 4500090001600000041000800016100003200024245004200056260005300098300001000151520109000161650002501251650002601276650002001302650003501322650002101357650004001378650004501418650004801463650001601511650001601527650002001543999001501563 aIAVHb00652 aspa aSilva Garnica, Silva911158 aGuía ambiental del sector apícola aBogotábInstituto Alexander von Humboldtc2005 a91 p. aEl primer capítulo incluye algunas generalidades de la apicultura en Colombia: características de las abejas Apis mellifera; comportamiento de las abejas Apis mellifera; antecedentes de la apicultura en Colombia; desarrollo de la actividad apícola en Colombia. El segundo capítulo expone el marco legal de la apicultura: marco legal general; Constitución Política de Colombia; Leyes, Decretos y Resoluciones de índole ambiental; marco legal específico .El tercer capítulo analiza la planeación y gestión ambiental en apicultura: comunicación, divulgación y promoción.El cuarto, describe el proceso productivo apícola: fase de producción o campo, beneficio de los productos apícolas (miel, polen, propoleo). El quinto capítulo analiza el manejo ambiental en apicultura en el proceso productivo agrícola y el beneficio de los productos apícolas. El sexto capítulo muestra los resultados del monitoreo, seguimiento y evaluación del proceso productivo apícola. El último capítulo analiza la conservación de la biodiversidad en apicultura aBiodiversidad992204 aConservación992401 aApicultura9206 aLegislación ambiental992309 aEtología97606 aCaracterización biológica92833 aBeneficio de productos apícolas911163 aConstitución Política Colombiana911164 aMiel992600 aPolen92547 aPropoleo911165 c6154d6154